<The> Marketing Tools in the Process of Linking the Academic amd Business Sphere

Gespeichert in:
Bibliographische Detailangaben
1. Verfasser: Drábik, Henrich
Format: Buchkapitel
Sprache:Englisch
Schlagworte:
Tags: Tag hinzufügen
Keine Tags, Fügen Sie das erste Tag hinzu!

MARC

LEADER 00000nla a2200000 4500
001 0240908
005 20240502073924.7
041 0 |a eng 
044 |a SK 
245 1 0 |a <The> Marketing Tools in the Process of Linking the Academic amd Business Sphere  |c Henrich Drábik 
500 |a Abstrakt 
610 2 0 |a marketing 
610 2 0 |a teória a prax 
610 2 0 |a univerzity 
610 2 0 |a podnikanie 
100 1 |a Drábik, Henrich